000 00868nam0a22002651 4500
001 rc\3200434
005 20250530094414.0
021 _aRU
_bРг13845-77
021 _aRU
_b76-83533
035 _a(NLR Aleph) 007345414
090 _a6153090
_c6153090
100 _a20120628d1976 |||y0rusy50 ca
101 1 _arus
_cslo
102 _aRU
105 _aac z |||a|
200 1 _aЕго большой день
_eПовесть и рассказы
_e[Для сред. и ст. возраста]
_eПер. со словац.
210 _aМосква
_cДет. лит.
_d1976
215 _a254 с., 1 л. портр.
_cил.
_d23
300 _aНа обороте тит. л. сост.: Б. Шуплецов
700 1 _aМориц
_bР.
_f1921-
_gРудо
801 0 _aRU
_bNLR
_gpsbo
801 1 _aRU
_bELAR
_2rusmarc
852 _aNLR
_j77-5/8061
942 _cBOOK
980 _aNB